| 000 | 00386pab a2200145 454500 | ||
|---|---|---|---|
| 008 | 180718b1996 xxu||||| |||| 00| 0 eng d | ||
| 100 | _aRama Rao, K. Vijaya | ||
| 245 | _aPolicing in the coming decade with special reference to manpower planning and training | ||
| 260 | _c1996 | ||
| 300 | _ap.1-3 | ||
| 362 | _aJan | ||
| 650 | _aPolice | ||
| 773 | _aC.B.I. Bulletin | ||
| 909 | _a30712 | ||
| 999 |
_c30712 _d30712 |
||